000 00285nam a2200109Ia 4500
008 220204s9999 xx 000 0 und d
082 _a677.1:62
_bPAR;1
100 _aParratt, N J
245 0 _aFibre-reinforced materials technology
260 _aLondon
_bVan Nostrand
_c1972
942 _cBK
999 _c23877
_d23877